000 00476nam a2200169Ia 4500
008 220531s9999 xx 000 0 und d
041 _amar
100 _aफाडके य.दि.
_948433
245 _aविसाव्‍या शतकातील महाराष्ट्र खंड ३
250 _a1ST
260 _bShreevidya
_c1993
300 _a303
542 _d31-03-2006
650 _aSociology
_948434
906 _d2005-2006
999 _c28344
_d28344